00706 2200241 4500001002100000005001500021007000300036008004100039020002200080035002000102082000800122084001400130090001800144100001400162245013100176250001400307260003800321300003800359600001500397850001000412990002100422990002100443INLIS00000000000410020260528090807ta260528 0  a978-979-007-588-7 a0010-0921000185 a342 a342 IND u a342 IND u 9-70 aIndonesia1 aUndang -Undang Perindustrian ( UU RI No.3 Tahun 2014 ) dan Undang - Undang Perdagangan ( UU RI No. 7 Tahun 2014 ) /cIndonesia a--Cet. 1. a--Jakarta :bSinar Grafika,c2014 aix, 223 hlm. :billus. ;c20,5 cm 4aIlmu Hukum aPUPAD a21470/Br/KAPD-15 a21473/Br/KAPD-15